| 000 | 01048cas a2200241 a 4500 | ||
|---|---|---|---|
| 999 |
_c16917 _d16917 |
||
| 005 | 20180507081239.0 | ||
| 008 | 870427c19879999enkbr p 0 a0eng c | ||
| 022 | 0 |
_a0269-8463 _22 |
|
| 040 |
_aEUN _cEUN _dWAU _dHUL _dNST _dCOO _dNSD _dIUL _dNST _dAGL _dNST _dAGL _dIUL _dDLC _dNST _dDLC _dHUL _dOCL _dWAU _dMYG _dCUS _dSYS _dOCL _dOCLCQ _dLVB _dEEM _dOCLCQ _dHEBIS _dGEBAY _dGBVCP _dUKMGB _dOCLCQ _dOCLCO _dOCLCQ _dOCLCF _dOCLCO _dDEBBG _dOCLCO _dEUW _dOCLCO _dDLC _dCO-BoIAVH |
||
| 041 | 0 | _aeng | |
| 044 | _a-uk | ||
| 245 | 0 | 0 | _aFunctional ecology. |
| 260 |
_aOxford (Reino Unido) : _bBritish Ecological Society : _bBlackwell Scientific Publications, _c©1987- |
||
| 300 |
_bilustraciones ; _c28 cm |
||
| 310 |
_b<1989-> _ab |
||
| 321 |
_aq _b1987- |
||
| 500 | _aTítulo de la portada. | ||
| 650 | 2 | 6 |
_aEcología _vPublicaciones periódicas |
| 650 | 2 | 6 |
_aBiología _vPublicaciones periódicas |
| 710 | 2 | _aBritish Ecological Society | |
| 776 | 0 | 8 |
_iAlso issued online: _tFunctional ecology _x1365-2435 _w(DLC) 00227445 _w(OCoLC)45446903 |
| 942 |
_2z _cREVISTA _s1 |
||